000 00459nam a2200181Ia 4500
008 220204s9999 xx 000 0 und d
020 _a3446215786
082 _aNR:62:678.02
_bJOH
100 _aJohnson, Peter S
245 0 _aRubber processing : An introduction
260 _aMunich
_cCarl Hanser Verlag;2001
650 _aCalendering
650 _aCuring
650 _aExtrusion
650 _aRubber mixing
650 _aRubber molding
942 _cBK
999 _c41918
_d41918